| 000 | 00584nam a22002057a 4500 | ||
|---|---|---|---|
| 003 | NUST-PNEC | ||
| 005 | 20170116180845.0 | ||
| 008 | 140709b xxu||||| |||| 00| 0 eng d | ||
| 020 | _a8185594589 | ||
| 040 | _cLIBRARY | ||
| 082 | _a604.2 BHA | ||
| 100 |
_9138 _aBhatt, N.D. |
||
| 245 |
_aElementary engineering drawing: Plane and solid geometary _cN.D. Bhatt |
||
| 250 | _a49th ed. | ||
| 260 |
_aAnand (India) _bCharotar Publishing House _cc.2007 |
||
| 300 |
_a600 p. : _bill. : _c20 cm. |
||
| 500 | _aIncludes Index | ||
| 650 |
_xME _95468 _aMechanical drawing |
||
| 942 |
_2ddc _cBK |
||
| 999 |
_c64461 _d64461 |
||